[Event "IECC M email"]
[Site "IECC email"]
[Date "2000.02.20"]
[Round "?"]
[White "Kreps, Martin"]
[Black "Reilly, Jim"]
[Result "1-0"]
[WhiteElo "1650"]
[BlackElo "1606"]
[PlyCount "89"]
[EventDate "2000.??.??"]
[EventType "tourn (corr)"]
[EventRounds "2"]
[SourceTitle "Corr 2008"]
[Source "ChessBase"]
[SourceDate "2008.06.24"]
[SourceVersion "1"]
[SourceVersionDate "2008.06.24"]
[SourceQuality "1"]

1. d4 d5 2. c4 e6 3. Nc3 Nf6 4. Bg5 Be7 5. e3 0-0 6. Nf3 Nbd7 7. Qc2 h6 8. cxd5 Nxd5 9. Nxd5 exd5 10. Bxe7 Qxe7 11. Qxc7 Qb4+ 12. Qc3 Qd6 13. Be2 Nf6 14. Qc5 Qe6 15. 0-0 Bd7 16. Rfc1 a6 17. Ne5 Rfc8 18. Qb4 Bc6 19. Nxc6 bxc6 20. Rc2 Ne4 21. Rac1 Qf6 22. Bd3 Qf5 23. Qa4 Ra7 24. b4 Rcc7 25. h3 g5 26. Bxe4 Qxe4 27. Rxc6 Rxc6 28. Qxc6 Kg7 29. Qd6 Qf5 30. Rc6 f6 31. Rxa6 Rxa6 32. Qxa6 Qb1+ 33. Kh2 Qxb4 34. a4 Qb8+ 35. g3 h5 36. Qb5 Qc7 37. Kg2 Qc2 38. Qd7+ Kg6 39. Qe8+ Kg7 40. a5 Qe2 41. Qd7+ Kg6 42. Qxd5 Qa6 43. e4 Qd3 44. e5 Qf5 45. Qg8+ 1-0